00902nam a2200253Ia 4500001000600000003000500006008004100011010001100052040000900063090001600072100004400088245014400132260004100276300001000317502008000327650003800407901001600445902000600461910000900467942000600476942000600482999001900488952014100507Z_465CHAP220113s1969 xx 000 0 und d a163442 cCHAP aTesis H 565 aHinojosa Cuellar, José Alfonso955515 aPeríodo de servicio de vacas Holstein-Friesian de tres hatos de la región de Texcoco y México /cpor José Alfonso Hinojosa Cuellar aChapingo, Méx. :bEl autor,c1969 a50 h. aTesis (Ing. Agrónomo Esp. en Zootecnia) -- ENA. Departamento de Zootecnia aGanado lecheroxFecundidad945264 aTESIS H 565 aM a1969 c2 c2 c163442d163442 00102local4051708TESISaZbZd2005-11-09eEl autorl0oTesis H56 565 1969p5101000786r2022-01-18 00:00:00tEj.1w2022-01-18yTESIS